Visualizzazione normale
Vista MARC
- Braz de Aviz J,, Oliver R., Rodriguez Carballo J., Costigane H., Giacometto R.,
di Personal Name
Records bibliografici associati: 1
001 - CONTROL NUMBER
- control field: 60411
003 - CONTROL NUMBER IDENTIFIER
- control field:
005 - DATE AND TIME OF LATEST TRANSACTION
- control field: 20240103152308.0
008 - FIXED-LENGTH DATA ELEMENTS
- fixed length control field: 240103|| aca||aabn | a|a d
040 ## - CATALOGING SOURCE
- Original cataloging agency:
- Transcribing agency:
100 ## - HEADING--PERSONAL NAME
- Personal name: Braz de Aviz J,, Oliver R., Rodriguez Carballo J., Costigane H., Giacometto R.,
- Personal name: Dy-Liacco G., La Vina M.C., Campbell T., Cruz Chellew J.C., Gonzalez Casas M.R.,
- Personal name: Merletti T., Geary B., Brennan T
670 ## - SOURCE DATA FOUND
- Source citation: Work cat.: ()359951: Unione Internazionale Superiore Generali (UISG), Unione dei Superiori Generali (USG), Pontificia Commissione per la Protezione dei Minori (PCPM) 60410, Per una cultura della cura e della protezione. , 2022